| 000 | 00628nam a22001937a 4500 | ||
|---|---|---|---|
| 999 |
_c17527 _d17527 |
||
| 003 | AR-CdUCM | ||
| 008 | 190312b ||||| |||| 00| 0 spa d | ||
| 040 |
_aMUNICIPALIDAD PROVINCIAL DEL CUSCO _cBIBLIOTECA MUNICIPAL DEL CUSCO |
||
| 082 |
_a923.2 / _bB749 |
||
| 100 |
_aDaridan, Jean _92884 |
||
| 245 | _aAbraham Lincoln / | ||
| 260 |
_aBuenos Aires : _bPlaza y janes, _c1965. |
||
| 300 |
_a302 páginas ; _c18 cm. |
||
| 505 | _aContenido: El joven pobre -- Un oscuro parlamentario -- La época del desierto ... | ||
| 650 |
_aHistoria _9246 |
||
| 650 |
_aSiglo XIX _9971 |
||
| 942 |
_2ddc _cLIBROS |
||
| 945 |
_arah _d08/05/2019 |
||